Central Library OPAC University of Rajshahi

Dynamic characteristics of ion-selective electrodes / (Record no. 69479)

MARC details
000 -LEADER
fixed length control field 00828nam a2200265 a 4500
001 - CONTROL NUMBER
control field 69479
003 - CONTROL NUMBER IDENTIFIER
rucl marc code BD-RjUL
005 - DATE AND TIME OF LATEST TRANSACTION
control field 20211209081908.0
008 - FIXED-LENGTH DATA ELEMENTS--GENERAL INFORMATION
fixed length control field 170412s1988 fluaf b 001 0 eng
020 ## - INTERNATIONAL STANDARD BOOK NUMBER
International Standard Book Number 0849364930
035 ## - SYSTEM CONTROL NUMBER
System control number (BD-RjUL)69691
040 ## - CATALOGING SOURCE
Original cataloging agency DLC
Transcribing agency DLC
Modifying agency BD-RjUL
Language of cataloging eng
041 ## - LANGUAGE CODE
Language code of text/sound track or separate title eng
082 00 - DEWEY DECIMAL CLASSIFICATION NUMBER
Classification number 541.3724
Edition number 23
Author mark and year LID 1988
100 1# - MAIN ENTRY--PERSONAL NAME
Personal name Lindner, Ernő.
9 (RLIN) 205807
245 10 - TITLE STATEMENT
Title Dynamic characteristics of ion-selective electrodes /
Statement of responsibility, etc. Ernő Lindner, Klára Tóth, Ernő Pungor.
260 ## - PUBLICATION, DISTRIBUTION, ETC. (IMPRINT)
Place of publication, distribution, etc. Boca Raton, Fla. :
Name of publisher, distributor, etc. CRC Press,
Date of publication, distribution, etc. c1988.
300 ## - PHYSICAL DESCRIPTION
Pagination 136 p. :
Illustrations ill. ;
Size 27 cm.
504 ## - BIBLIOGRAPHY, ETC. NOTE
Bibliography, etc Includes index and bibliography
650 #0 - SUBJECT ADDED ENTRY--TOPICAL TERM
Topical term or geographic name as entry element Electrodes, Ion selective.
9 (RLIN) 205808
700 1# - ADDED ENTRY--PERSONAL NAME
Personal name Tóth, Klára,
Personal name Pungor, E.
Fuller form of name (Ernő)
942 ## - ADDED ENTRY ELEMENTS (KOHA)
Source of classification or shelving scheme Dewey Decimal Classification
Koha item type Books
Holdings
Lost status Source of classification or shelving scheme Damaged status Not for loan Collection code Permanent Location Current Location Shelving location Date acquired Source of acquisition Total Checkouts Full call number Date last seen Copy number Koha item type
  Dewey Decimal Classification   Not For Loan Non-fiction Central Library, University of Rajshahi Central Library, University of Rajshahi Reading Room 04/06/1990 Asia Foundation   541.3724 LID 1988 12/04/2017 C-1 Books